000 00498nam a2200193Ia 4500
005 20250326124930.0
008 250326s9999 xx 000 0 und d
037 _aTextbook
040 _aFMSL
_beng
_cFMSL
041 _aeng
_2eng
084 _aX:8D M5;7
_qFMSL
100 _aKuchhal S C
245 0 _aFicial management
_cKuchhal S C
250 _a9
260 _aAllahabad
_bAllahabad, Chaitanya
_c1985
300 _a562p
942 _cTB
_hX:8D M5;7
999 _c1275821
_d1275821